| 000 | 01218nam a2200337 i 4500 | ||
|---|---|---|---|
| 999 |
_c68849 _d68849 |
||
| 001 | 68849 | ||
| 003 | Mx-PuUPA | ||
| 005 | 20220302075613.0 | ||
| 008 | 200527s2017 mx a br 00| 1 spa d | ||
| 020 | _a9786072426405 | ||
| 020 | _a9789687791760 de la colección El barco de vapor | ||
| 040 |
_aMx-PuUPA _bspa _cMx-PuUPA _dMx-PuUPA _erda |
||
| 041 | 0 | _aspa | |
| 100 | 1 |
_98296 _aHinojosa, Francisco _d1954- |
|
| 245 | 1 | 4 |
_aLas gallinas de mi abuelo / _cFrancisco Hinojosa ; ilustraciones de Margarita Sada. |
| 250 | _aSegunda edición | ||
| 264 | 3 | 1 |
_aCiudad de México : _bEdiciones SM, _c2017 |
| 300 |
_a64 páginas : _bilustraciones ; _e19 cm. |
||
| 336 |
_2rdacontent _atexto _btxt |
||
| 337 |
_2rdamedia _asin medio _bn |
||
| 338 |
_2rdacarrier _avolumen _bnc |
||
| 490 | 1 |
_aEl barco de vapor. Naranja ; _v21 M |
|
| 650 | 1 | 4 |
_aLiteratura mexicana _vFicción infantil |
| 650 | 1 | 4 |
_aNovela policiaca _vFicción infantil |
| 700 | 1 |
_aSada, Margarita, _eilustrador |
|
| 830 | 3 |
_aEl barco de vapor. _pNaranja ; _v21 M |
|
| 942 |
_2ddc _cLI _h808.8035234 _iB2921 |
||